000 00391 a2200157 4500
001 74776
020 _a
040 _cAnchieta - Colégio São Paulo
100 _aBarros, Fabiana
240 1 0 _aFarfalinha, a menina que colhia sorrisos
_lpor
245 1 0 _aFarfalinha, a menina que colhia sorrisos
300 _a23
362 0 _a2014
650 4 _aLiteratura infanto-juvenil
942 _cBK
999 _c74776
_d74776